[Event "US Open"]
[Site "Vancouver, WA"]
[Date "2012.08.11"]
[Round "8"]
[White "Mulyar, Michael (CO)"]
[Black "Sheng, Joshua  (CA)"]
[Result "1-0"]
[WhiteElo "2456"]
[BlackElo "2079"]
[PlyCount "125"]

1.c4 Nf6 2.Nf3 g6 3.g3 Bg7 4.Bg2 O-O 5.O-O d6 6.d4 Nc6 7.Nc3
a6 8.Nd5 Rb8 9.Nxf6+ Bxf6 10.Bh6 Re8 11.Rc1 Bg4 12.d5 Bxf3 13.exf3
Nd4 14.Bd2 c5 15.dxc6 Nxc6 16.b3 Qd7 17.f4 Rec8 18.Be3 b5 19.c5
Rd8 20.cxd6 Nb4 21.a3 Na2 22.Rc6 Nc3 23.Qd3 Rbc8 24.Rxa6 exd6
25.Bf3 Bg7 26.a4 bxa4 27.bxa4 Nxa4 28.Ra7 Rc7 29.Bg4 Qc6 30.Ra6
Qc4 31.Qxc4 Rxc4 32.Rd1 d5 33.Bf3 Nc3 34.Rd3 d4 35.Bd2 Kf8 36.h4
Nb1 37.Ba5 Rdc8 38.Rb3 Nc3 39.Rb7 Kg8 40.Raa7 d3 41.Rxf7 Bd4
42.Rad7 d2 43.Bxc3 Rxc3 44.Rfe7 Rxf3 45.Rxd4 Rc1+ 46.Kg2 Rxg3+
47.fxg3 d1Q 48.Rxd1 Rxd1 49.h5 Rd2+ 50.Kh3 gxh5 51.Re5 Kg7 52.Rxh5
Kg6 53.Rg5+ Kf6 54.Kg4 Rd1 55.Ra5 Kg6 56.Ra6+ Kg7 57.Kg5 Rf1
58.Ra7+ Kg8 59.Kf6 h6 60.Kg6 Kf8 61.Kxh6 Rg1 62.Ra3 Kf7 63.Kg5 1-0

[Event "US Open"]
[Site "Vancouver, WA"]
[Date "2012.08.11"]
[Round "8"]
[White "Pabon, Tony (CA)"]
[Black "Sankrithi, Siva (WA)"]
[Result "0-1"]
[WhiteElo "1800"]
[BlackElo "1510"]
[PlyCount "34"]

1.d4 Nf6 2.c4 Nc6 3.d5 Ne5 4.e3 d6 5.Bd3 Nxd3+ 6.Qxd3 e6 7.Nc3
b6 8.Nf3 Bb7 9.e4 e5 10.h3 Be7 11.O-O O-O 12.Be3 Qd7 13.Nh4 Nxd5
14.exd5 Bxh4 15.Kh2 f5 16.f4 e4 17.Rac1 exd3 0-1

[Event "US Open"]
[Site "Vancouver, WA"]
[Date "2012.08.11"]
[Round "8"]
[White "Pendergast, Michael (OR)"]
[Black "Raptis, Nick (OR)"]
[Result "0-1"]
[WhiteElo "2152"]
[BlackElo "2330"]
[PlyCount "46"]

1.d4 g6 2.Nf3 Nf6 3.c4 Bg7 4.Nc3 O-O 5.e4 d6 6.h3 Na6 7.Be3 e5
8.d5 Nc5 9.Nd2 a5 10.Be2 Ne8 11.g4 f5 12.gxf5 gxf5 13.Bxc5 dxc5
14.exf5 Nd6 15.Nde4 Nxe4 16.Nxe4 Bxf5 17.Ng3 Qh4 18.Bg4 Bg6 19.Qe2
Rf4 20.O-O Raf8 21.Rad1 e4 22.d6 cxd6 23.Rxd6 Rxf2 0-1

[Event "US Open"]
[Site "Vancouver, WA"]
[Date "2012.08.11"]
[Round "8"]
[White "Saidy, Anthony  (CA)"]
[Black "Yu, Corbin (OR)"]
[Result "0-1"]
[WhiteElo "2288"]
[BlackElo "2150"]
[PlyCount "126"]

1.d4 Nf6 2.c4 c5 3.Nf3 cxd4 4.Nxd4 b6 5.Nc3 Bb7 6.f3 d6 7.e4
e6 8.Be2 a6 9.O-O Nbd7 10.Re1 Rc8 11.b3 b5 12.Bb2 b4 13.Nb1 Qb6
14.Kh1 Be7 15.a3 a5 16.axb4 axb4 17.Nb5 Nc5 18.Bd4 O-O 19.Nd2
d5 20.e5 Nfd7 21.Qb1 Ra8 22.Qb2 Bc6 23.Rxa8 Rxa8 24.Ra1 Qb8 25.Rxa8
Qxa8 26.cxd5 exd5 27.Nd6 Ne6 28.Nf5 Bf8 29.g3 g6 30.Nd6 Qb8 31.f4
Bxd6 32.exd6 Qxd6 33.Nf3 f6 34.Kg1 Kf7 35.Kf1 Qb8 36.Bxf6 Nxf6
37.Ne5+ Kg7 38.Nxc6 Qb6 39.Ne5 Qe3 40.Nf3 Kf7 41.Ne5+ Kg7 42.Nf3
d4 43.Qd2 Qxb3 44.Nxd4 Qb1+ 45.Kg2 Qe4+ 46.Nf3 Nd5 47.Kf2 Nc5
48.Ng5 Nf6 49.Qd6 Ng4+ 50.Ke1 Qb1+ 51.Bd1 Nd3+ 52.Ke2 Qb2+ 53.Kf3
Nxh2+ 54.Ke3 Nf1+ 55.Ke4 Nxg3+ 56.Kd5 Qa2+ 57.Kc6 Qa6+ 58.Kc7
Qxd6+ 59.Kxd6 Nxf4 60.Kc5 Nd3+ 61.Kd4 Nf2 62.Ba4 h5 63.Kc5 Nfe4+ 0-1

[Event "US Open"]
[Site "Vancouver, WA"]
[Date "2012.08.11"]
[Round "8"]
[White "Sarkar, Justin (NY)"]
[Black "Sinanan, Joshua (WA)"]
[Result "1-0"]
[WhiteElo "2392"]
[BlackElo "2227"]
[PlyCount "89"]

1.d4 Nf6 2.c4 e6 3.Nf3 b6 4.g3 Ba6 5.Nbd2 Bb4 6.Qa4 c5 7.a3 Bxd2+
8.Bxd2 O-O 9.Bg2 d5 10.dxc5 bxc5 ( 10...Ne4 11.cxd5 exd5 12.cxb6
Qxb6 13.Qd4 Qb5 14.O-O Nc6 15.Qe3 Rfe8 16.Nd4 Qxb2 17.Nxc6 Nxd2
18.Ne7+ Kf8 19.Rfd1 Nc4 20.Qd3 Rxe7 21.Bxd5 Rc8 22.Rac1 Ne5 23.Qxh7
Ng6 24.Rxc8+ Bxc8 25.h4 Qxe2 26.Rc1 Ba6 27.h5 Qd2 28.Rb1 Re1+
29.Rxe1 Qxe1+ 30.Kg2 Qd1 {0-1, Bonin Jay R (USA) 2370 - Ibragimov Ildar (USA) 2566, Kerhonkson (USA) 2002}
) 11.Ne5 Ne4 12.cxd5 exd5 13.Bxe4 dxe4 14.Qxe4 Nd7 15.Qc6 Nxe5
16.Qxa6 Qd5 17.O-O-O Qa2 18.Bc3 Nc4 19.Qa4 Rab8 20.Qc2 Rb7 21.Rd3
Qa1+ 22.Qb1 Qxb1+ 23.Kxb1 Nxa3+ 24.Ka2 Nb5 25.Rc1 c4 26.Rd5 Rc8
27.Bb4 f6 28.Bc5 c3 29.b4 Rbc7 30.Kb3 a6 31.Ra1 Rc6 32.Rd7 Re8
33.e3 h5 34.Rad1 Re5 35.f4 Rexc5 36.bxc5 Rxc5 37.e4 Kh7 38.R7d5
c2 39.Rc1 Rc3+ 40.Kb2 Re3 41.e5 Na3 42.exf6 gxf6 43.Rxh5+ Kg6
44.Rc5 a5 45.Ra1 1-0

[Event "US Open"]
[Site "Vancouver, WA"]
[Date "2012.08.11"]
[Round "8"]
[White "Seirawan, Yasser (WA)"]
[Black "Bercys, Salvijus (NY)"]
[Result "1/2-1/2"]
[WhiteElo "2674"]
[BlackElo "2479"]
[PlyCount "132"]

1.c4 Nf6 2.Nc3 g6 3.e4 d6 4.d4 Bg7 5.Bd3 O-O 6.Nge2 Nc6 7.O-O
e5 8.d5 Nd4 9.Bg5 h6 10.Bh4 c5 11.Rb1 g5 12.Bg3 h5 13.f3 h4 14.Be1
Nh5 15.b4 Nf4 16.bxc5 dxc5 17.Nxf4 exf4 18.Nb5 Be5 19.Nxd4 Bxd4+
20.Bf2 Qf6 21.h3 Rd8 22.Bc2 Bxf2+ 23.Rxf2 Qe5 24.Qc1 Kg7 25.Qa3
b6 26.Ba4 Bb7 27.Qb2 Kf6 28.Kf1 Qxb2 29.Rfxb2 Ba6 30.Rc1 Ke5
31.Ke2 Rac8 32.Kd3 Rc7 33.Kc3 Bc8 34.Bc6 Kd6 35.a4 Re7 36.a5
f5 37.axb6 axb6 38.Rxb6 fxe4 39.Ba4+ Ke5 40.fxe4 f3 41.gxf3 Rf7
42.Bd1 Bxh3 43.Rc2 Kf4 44.Rd2 Rh8 45.Rc6 Bd7 46.Rxc5 h3 47.Rh2
Kg3 48.Rh1 Kg2 49.Re1 h2 50.Ra5 h1Q 51.Ra2+ Kg3 52.Rxh1 Rxh1
53.Rd2 Re1 54.c5 g4 55.fxg4 Rxe4 56.c6 Bxg4 57.Bxg4 Kxg4 58.d6
Rff4 59.d7 Rc4+ 60.Kb2 Rf8 61.Rg2+ Kh3 62.Rc2 Rd4 63.Kc3 Rd6
64.Kb4 Rd8 65.c7 R6xd7 66.cxd8Q Rxd8 1/2-1/2

[Event "US Open"]
[Site "Vancouver, WA"]
[Date "2012.08.11"]
[Round "8"]
[White "Shaw, Tenzing (IL)"]
[Black "Cooklev, Steven (IN)"]
[Result "1/2-1/2"]
[WhiteElo "2270"]
[BlackElo "2124"]
[PlyCount "72"]

1.e4 e5 2.Nf3 Nc6 3.Bb5 f5 4.d4 fxe4 5.Nxe5 Nxe5 6.dxe5 c6 7.Nc3
cxb5 8.Nxe4 d5 9.exd6 Nf6 10.Nxf6+ Qxf6 11.Qh5+ Qf7 12.Qxb5+
Qd7 13.Qe5+ Qe6 14.Bf4 Qxe5+ 15.Bxe5 Bf5 16.O-O-O Kd7 17.Rd4
Rc8 18.c3 h5 19.Re1 Rh6 20.Bxg7 Rxd6 21.Red1 Be7 22.Be5 Rxd4
23.Bxd4 Kc6 24.g3 Bc5 25.Bxc5 Kxc5 26.Re1 Kd6 27.Re3 Rc5 28.f3
Ra5 29.a3 Re5 30.Kd2 Rd5+ 31.Ke2 a5 32.b4 axb4 33.cxb4 b5 34.Rc3
Re5+ 35.Kd2 Be6 36.Rd3+ Rd5 1/2-1/2

[Event "US Open"]
[Site "Vancouver, WA"]
[Date "2012.08.11"]
[Round "8"]
[White "Smyth, Scott  (OR)"]
[Black "Pinto, Mark (CA)"]
[Result "0-1"]
[WhiteElo "1926"]
[BlackElo "2200"]
[PlyCount "116"]

1.e4 c5 2.Nf3 d6 3.d4 cxd4 4.Nxd4 Nf6 5.Nc3 a6 6.Bc4 e6 7.Bb3
Nbd7 8.f3 Nc5 9.O-O Be7 10.Be3 O-O 11.Qe2 Bd7 12.Qf2 Rc8 13.a3
Nxb3 14.Nxb3 Qc7 15.Bb6 Qb8 16.Rad1 Bc6 17.Rfe1 Nd7 18.Bd4 Rfd8
19.f4 e5 20.Be3 exf4 21.Bxf4 Ne5 22.Nd5 Bxd5 23.exd5 Bf6 24.c3
Qc7 25.Nd4 Re8 26.h3 Ng6 27.Bg3 Be5 28.Nf5 Qd8 29.Rf1 Rc7 30.Rde1
Kf8 31.Qf3 Rd7 32.Qg4 Bxg3 33.Qxg3 Rxe1 34.Rxe1 Qf6 35.Nd4 Re7
36.Rf1 Qe5 37.Qg4 Qxd5 38.Qc8+ Re8 39.Qc7 Ne5 40.Kh1 g6 41.b4
Kg7 42.a4 Qc4 43.Qxc4 Nxc4 44.b5 Re3 45.bxa6 bxa6 46.Rc1 f5 47.Kg1
Kf6 48.Kf2 f4 49.Ne2 g5 50.Rd1 Ke5 51.Rd4 d5 52.Rd1 Nb2 53.Ra1
a5 54.Ra3 Ke4 55.Kf1 Nd3 56.Ra2 h5 57.Rc2 g4 58.hxg4 hxg4 0-1

[Event "US Open"]
[Site "Vancouver, WA"]
[Date "2012.08.11"]
[Round "8"]
[White "Strong, Edward (WA)"]
[Black "Davis, Joe (WA)"]
[Result "1-0"]
[WhiteElo "1198"]
[BlackElo "1648"]
[PlyCount "67"]

{Round 8 of the US Open. I got paired down against the lowest rated player, but
I looked him up on chess.com and he is the same rating as me.} 1.e4
e5 2.Nf3 Nc6 3.Bc4 Bc5 4.c3 Nf6 5.d4 exd4 6.e5 d5 7.Bb5 Ne4 8.cxd4
Bb4+ {?  Fritz book did not like this.} ( 8...Bb6 9.Nc3 O-O 10.Be3
f5 11.exf6 ( 11.g3 a6 12.Bd3 h6 ) Nxf6 12.Rc1 Qd6 13.O-O Bg4
14.Be2 Rae8 15.h3 Bxf3 16.Bxf3 Ne7 17.Ne2 Ng6 ) 9.Bd2 Nxd2 10.Nbxd2
O-O 11.a3 Ba5 {?  I wanted to keep my bishop but it ends up not being very active.}
( 11...Bxd2+ 12.Qxd2 Bg4 13.Bxc6 Bxf3 14.Bxb7 Bxg2 15.Rg1 Rb8
16.Rxg2 Rxb7 ) 12.O-O Bg4 {?} ( 12...Ne7 {right away} ) 13.Qc2
{?} ( 13.Bxc6 bxc6 14.h3 Bf5 15.Nb3 $14 ) Ne7 {?} ( 13...Bxd2
{!} 14.Qxd2 Bxf3 15.gxf3 ) 14.h3 Bf5 15.Bd3 Qd7 16.Bxf5 Qxf5
17.Qb3 Bb6 18.a4 a5 19.Rfd1 Rad8 20.Nf1 Nc6 21.Ne3 Qe4 22.Qc3
Nb4 ( 22...f6 23.exf6 Rxf6 ) 23.Rd2 Rfe8 24.Nc2 Nxc2 25.Rxc2
h6 26.Re1 Qf5 ( 26...Qf4 27.Rcc1 Re6 28.b4 Rc6 29.Qb2 Rg6 30.Re3 )
27.Rcc1 Re6 28.b4 Qf4 {?  I thought I had some tactics on c1.}
( 28...Rc6 29.Qd2 axb4 30.Rxc6 bxc6 31.Qxb4 Ra8 ) 29.bxa5 Rc6
30.Qb2 Rg6 {?} ( 30...Rxc1 31.Rxc1 Bxa5 ) 31.Re3 Bxa5 32.Qxb7
Rb6 {??} ( 32...Bb6 ) 33.Qxc7 {I realized I was lost here and kind of fell apart}
Rbb8 {??} ( 33...Rb3 {worked but white just} 34.Qxa5 Rxe3 {and takes with check}
35.Qxd8+ ) ( 33...Rb1 34.Qc2 ) 34.Qxa5 {I resigned. The lesson from this game is just tactics I think.}
 1-0

[Event "US Open"]
[Site "Vancouver, WA"]
[Date "2012.08.11"]
[Round "8"]
[White "Theil, Carey (MA)"]
[Black "Tyagi, Kushan  (IA)"]
[Result "1-0"]
[WhiteElo "2183"]
[BlackElo "2086"]
[PlyCount "69"]

1.e4 c5 2.Nf3 e6 3.Nc3 a6 4.g3 Qc7 5.Bg2 Nf6 6.O-O d6 7.a4 Be7
8.d4 cxd4 9.Nxd4 O-O 10.a5 Nbd7 11.Nb3 Ne5 12.Qe2 Nc4 13.Ra4
b5 14.axb6 Nxb6 15.Ra1 e5 16.Rd1 Bg4 17.Bf3 Be6 18.Nd5 Bxd5 19.exd5
Rfc8 20.Rxa6 Rxa6 21.Qxa6 e4 22.Be2 Nfxd5 23.c3 Bf6 24.Nd4 h6
25.Nb5 Qd7 26.Qa2 Ra8 27.Qb3 Ra1 28.c4 Ne7 29.Be3 Rxd1+ 30.Qxd1
Qc6 31.Qxd6 Na4 32.b3 Nc3 33.Qd8+ Kh7 34.Nxc3 Ng6 35.Qd5 1-0

[Event "US Open"]
[Site "Vancouver, WA"]
[Date "2012.08.11"]
[Round "8"]
[White "Ulrich, Thomas  (WI)"]
[Black "Ramirez, Alejandro (TEX)"]
[Result "0-1"]
[WhiteElo "2279"]
[BlackElo "2643"]
[PlyCount "116"]

1.d4 Nf6 2.c4 c5 3.d5 b5 4.cxb5 a6 5.bxa6 Bxa6 6.Nc3 g6 7.g3
d6 8.Bg2 Bg7 9.Nf3 Nbd7 10.Rb1 O-O 11.O-O Qa5 12.Bd2 Bb7 13.b3
Qa6 14.Bc1 e6 15.dxe6 fxe6 16.Bb2 d5 17.a4 Bc6 18.Ng5 Rfe8 19.Qd3
Qxd3 20.exd3 h6 21.Nf3 Rab8 22.Ba1 d4 23.Ne2 Bxf3 24.Bxf3 Ne5
25.Kg2 Nxd3 26.Bc6 Rec8 27.Bb5 Nb4 28.Nf4 Kf7 29.Rfe1 Nc2 30.Re2
Na3 31.Rc1 Nxb5 32.axb5 Nd5 33.Nd3 Rxb5 34.Ra2 Rc7 35.Rac2 Nc3
36.Bxc3 dxc3 37.Nf4 Rxb3 38.Ne2 Ke7 39.Nxc3 Bxc3 40.Rxc3 Rxc3
41.Rxc3 c4 42.Kf3 Kd6 43.Ke2 Kc5 44.Re3 Rc6 45.Kd2 Ra6 46.Rf3
Kb4 47.Kc2 Ra2+ 48.Kb1 Re2 49.h4 g5 50.hxg5 hxg5 51.Kc1 g4 52.Rf4
Kc3 53.Kd1 Rd2+ 54.Kc1 Ra2 55.Kb1 Re2 56.Rf8 Re1+ 57.Ka2 Kc2
58.f3 Re5 0-1

[Event "US Open"]
[Site "Vancouver, WA"]
[Date "2012.08.11"]
[Round "8"]
[White "Waterman, Jeremy (OR)"]
[Black "Varner, Murlin (WA)"]
[Result "1-0"]
[WhiteElo "1953"]
[BlackElo "1673"]
[PlyCount "95"]

1.Nf3 Nf6 2.b3 e6 3.g3 d5 ( 3...b6 4.Bg2 Bb7 ) 4.Bg2 c5 5.O-O
Nc6 6.Bb2 Be7 7.d4 b6 8.c4 O-O 9.cxd5 Nxd5 10.Nc3 Rb8 {%08DA}
11.Nxd5 exd5 12.dxc5 Bxc5 13.Ne5 Ne7 14.e3 Ba6 15.Nd3 f6 {?!}
16.Qd2 d4 17.e4 Nc6 18.Rfc1 Bxd3 19.Qxd3 Rc8 ( 19...Ne5 $15 )
20.a3 a5 21.Bh3 Ne5 ( 21...Rc7 ) 22.Qd1 Rc6 23.f4 d3+ 24.Rxc5
Rxc5 25.fxe5 fxe5 ( 25...Rc2 26.Rb1 fxe5 27.Bxe5 Re8 ) 26.Be6+
Kh8 27.b4 axb4 28.axb4 Rb5 {??} ( 28...Rc2 29.Bxe5 Qg5 30.Bd4
Qh6 { %02$17/$19} ) 29.Bc3 Rxb4 30.Bxb4 Qd4+ 31.Kg2 Qxb4 32.Bd5
Qd4 33.Ra2 g6 34.Qg1 Qxg1+ 35.Kxg1 Rc8 36.Rd2 Rc1+ 37.Kf2 Rc2
38.Ke3 b5 39.Rxc2 dxc2 40.Kd2 Kg7 41.Kxc2 Kf6 42.Kb3 Kg5 43.Be6
h5 44.h4+ Kf6 45.Bd7 g5 46.Bxb5 gxh4 47.gxh4 Ke7 48.Be2 1-0

[Event "US Open"]
[Site "Vancouver, WA"]
[Date "2012.08.11"]
[Round "8"]
[White "Weatherspoon, Kyler  (MN)"]
[Black "Pupols, Viktors (WA)"]
[Result "1/2-1/2"]
[WhiteElo "2060"]
[BlackElo "2200"]
[PlyCount "54"]

1.e4 e5 2.Nf3 Nc6 3.Bb5 a6 4.Ba4 d6 5.O-O Bg4 6.c3 Qf6 7.d3 Bxf3
8.Qxf3 Qxf3 9.gxf3 Nge7 10.f4 g6 11.fxe5 dxe5 12.Be3 O-O-O 13.Bc2
Bg7 14.Nd2 f5 15.f3 h6 16.b4 Bf6 17.a4 Bg5 18.Bxg5 hxg5 19.Nc4
b5 20.axb5 axb5 21.Na5 g4 22.Nxc6 Nxc6 23.Ra8+ Kb7 24.Rxd8 Rxd8
25.fxg4 f4 26.Ra1 g5 27.Kg2 Ne7 1/2-1/2

[Event "US Open"]
[Site "Vancouver, WA"]
[Date "2012.08.11"]
[Round "8"]
[White "Wilson, Diallo  (WA)"]
[Black "Rehmeier, Thomas R  (MO)"]
[Result "0-1"]
[WhiteElo "1591"]
[BlackElo "1829"]
[PlyCount "120"]

1.e4 d5 2.exd5 Qxd5 3.Nc3 Qa5 4.d4 c6 5.Bf4 Nf6 6.Qd2 Bf5 7.Bd3
Bxd3 8.Qxd3 e6 9.Nge2 Nbd7 10.O-O Be7 11.Ng3 O-O 12.Nce4 Rfd8
13.Qe2 Rac8 14.c3 c5 15.Rfd1 cxd4 16.cxd4 Nd5 17.Bd6 Rc6 18.Bxe7
Nxe7 19.Nc3 Nf6 20.Qe5 Qb4 21.Rab1 Ned5 22.Nge2 Rdc8 23.h3 a6
24.g4 b5 25.a3 Qe7 26.g5 Nxc3 27.Nxc3 Nd7 28.Qg3 Nb6 29.Re1 Qd8
30.Rbd1 Rd6 31.Ne4 Rxd4 32.Nf6+ Kh8 33.Rxd4 Qxd4 34.Re4 Qd1+
35.Kg2 gxf6 36.gxf6 Rg8 37.Rg4 Rxg4 38.hxg4 Qd5+ 39.Kg1 Nd7 40.g5
Ne5 41.Qc3 Qd1+ 42.Kg2 Qg4+ 43.Qg3 Qxg3+ 44.Kxg3 Nc4 45.b3 Nxa3
46.Kf3 Nc2 47.Ke2 Nd4+ 48.Kd3 Nxb3 49.Kc3 Nc5 50.Kb4 Ne4 51.f4
Nf2 52.Kc3 Nh3 53.Kb4 Nxf4 54.Ka5 Nd5 55.g6 hxg6 56.Kxa6 b4 57.Ka5
b3 58.Ka4 b2 59.Ka3 b1Q 60.Ka4 Qb4# 0-1

[Event "US Open"]
[Site "Vancouver, WA"]
[Date "2012.08.12"]
[Round "9"]
[White "Bercys, Salvijus (NY)"]
[Black "Sarkar, Justin (NY)"]
[Result "1/2-1/2"]
[WhiteElo "2479"]
[BlackElo "2483"]
[PlyCount "71"]

1.d4 Nf6 2.c4 g6 3.Nc3 d5 4.Nf3 Bg7 5.Qb3 dxc4 6.Qxc4 O-O 7.e4
a6 8.e5 b5 9.Qb3 Nfd7 10.e6 fxe6 11.Be3 Nf6 12.a4 b4 13.Qxb4
Nc6 14.Qa3 Qd6 15.Bc4 Nb4 16.Rc1 Bb7 17.a5 Bxf3 18.gxf3 Rab8
19.O-O Qc6 20.Be2 Qb7 21.Na4 Nfd5 22.Nc5 Qc8 23.Qa4 e5 24.dxe5
Qh3 25.Qd7 Rf5 26.Bc4 Qxf3 27.Rfd1 c6 28.Nxa6 Bxe5 29.Nxb8 Bxh2+
30.Kf1 Bxb8 31.Bxd5+ Nxd5 32.Rxd5 Qh1+ 33.Ke2 Qf3+ 34.Ke1 Qh1+
35.Ke2 Qf3+ 36.Ke1 1/2-1/2

[Event "US Open"]
[Site "Vancouver, WA"]
[Date "2012.08.12"]
[Round "9"]
[White "Davis, Joe (WA)"]
[Black "Elmer, Kyler (WA)"]
[Result "1-0"]
[WhiteElo "1648"]
[BlackElo "1348"]
[PlyCount "27"]

{Last round of the 2012 US Open. I can't reach my goal of an even score, but it's been a great vacation.} 1.e4
e6 2.d4 d5 3.Nc3 c6 4.e5 {?} ( 4.Nf3 Bb4 5.e5 Ne7 6.a3 Bxc3+
7.bxc3 b6 8.Bd3 ) c5 5.f4 {?  I thought I was playing against the French up a tempo, but the computer says black has already equalized.}
( 5.Nf3 cxd4 6.Qxd4 Nc6 7.Qg4 ) Nh6 6.Nf3 Nc6 7.Bb5 {?  I was trying to relieve some of the pressure on d5.}
( 7.dxc5 Bxc5 8.Na4 Be7 9.c3 Rb8 10.b4 b5 11.Nc5 ) Bd7 8.O-O
{?} ( 8.Be3 Nf5 9.Qd2 ) Nf5 {?} ( 8...cxd4 {!} 9.Bxc6 dxc3 10.Bxd7+
Qxd7 11.bxc3 ) 9.Bxc6 Bxc6 10.g4 {?} Nh4 ( 10...Nxd4 11.Nxd4
cxd4 12.Qxd4 Qh4 {Here I thought Kh1 was good, but I can see now I just lose a pawn.}
) 11.f5 {?} Nxf3+ {?} ( 11...exf5 12.Be3 ( 12.gxf5 Nxf5 13.Ng5
$19 ) g6 ) 12.Qxf3 cxd4 13.fxe6 fxe6 {??} 14.Qf7# {
I felt like I dominated the game, but now I see I played rather poorly. Again
my tactical sight is severly lacking. At least I know what to work on.}
 1-0

[Event "US Open"]
[Site "Vancouver, WA"]
[Date "2012.08.12"]
[Round "9"]
[White "Dimick, John (WA)"]
[Black "Haining, Kyle (WA)"]
[Result "1/2-1/2"]
[WhiteElo "1842"]
[BlackElo "1900"]
[PlyCount "53"]

1.e4 g6 2.d4 Bg7 3.f4 d5 4.e5 h5 5.Bd3 Nh6 6.h3 O-O 7.Nf3 c5
8.dxc5 Qa5+ 9.Nbd2 Qxc5 10.Nb3 Qb6 11.Qe2 Nc6 12.Be3 Qc7 13.c4
Nb4 14.cxd5 Bf5 15.Bxf5 Nxf5 16.Rc1 Qd8 17.Bf2 Qxd5 18.O-O Nd3
19.Qd2 Qe4 20.Nc5 Nxc5 21.Rxc5 Rad8 22.Qc3 Qa4 23.Ra5 Qxf4 24.Rxa7
Qe4 25.Re1 Qd5 26.Ra5 Qd7 27.Rc5 1/2-1/2

[Event "US Open"]
[Site "Vancouver, WA"]
[Date "2012.08.12"]
[Round "9"]
[White "Gay, Daniel (OR)"]
[Black "Kleist, Frederick (WA)"]
[Result "1/2-1/2"]
[WhiteElo "2212"]
[BlackElo "2098"]
[PlyCount "74"]

1.e4 c5 2.Nf3 e6 3.d4 cxd4 4.Nxd4 a6 5.Bd3 Bc5 6.Nb3 Be7 7.c4
d6 8.O-O Nf6 9.Nc3 b6 10.Be3 Bb7 11.Rc1 Nbd7 12.Qe2 O-O 13.Nd2
Re8 14.f4 Qc7 15.a3 Rac8 16.b4 Qb8 17.g4 h5 18.gxh5 a5 19.h3
axb4 20.axb4 d5 21.e5 dxc4 22.Bxc4 Nd5 23.Bxd5 exd5 24.Qg4 Bxb4
25.h6 g6 26.f5 Qxe5 27.fxg6 f5 28.Rxf5 Qxe3+ 29.Rf2 Bc5 30.Rcf1
Ne5 31.h7+ Kg7 32.Qf5 Rf8 33.h8Q+ Rxh8 34.Qf6+ Kg8 35.Qe6+ Kg7
36.Qf6+ Kg8 37.Qe6+ Kg7 1/2-1/2

[Event "US Open"]
[Site "Vancouver, WA"]
[Date "2012.08.12"]
[Round "9"]
[White "Guadalupe, Francisco (TX)"]
[Black "Apte, Neel (CA)"]
[Result "1-0"]
[WhiteElo "2305"]
[BlackElo "2118"]
[PlyCount "101"]

1.e4 c5 2.Nf3 Nc6 3.d4 cxd4 4.Nxd4 g6 5.c4 Bg7 6.Be3 Nf6 7.Nc3
O-O 8.Be2 d6 9.O-O Bd7 10.Nc2 a5 11.f3 Be6 12.Qd2 Nd7 13.Rab1
Nc5 14.b3 f5 15.exf5 Bxf5 16.Rbd1 Ne6 17.Bd3 Ned4 18.Nxd4 Nxd4
19.Bxf5 Nxf5 20.Bf2 Be5 21.Rfe1 Ng7 22.Nd5 e6 23.Nb6 Bf4 24.Qd4
Ra6 25.g3 Bg5 26.Qxd6 Qxd6 27.Rxd6 Rxf3 28.c5 Be7 29.Rd7 Rxf2
30.Rxe7 Rf7 31.Rxf7 Kxf7 32.Rd1 Ke8 33.g4 h5 34.h3 hxg4 35.hxg4
e5 36.Rd6 a4 37.b4 g5 38.Kf2 Kf7 39.Rd7+ Kg6 40.Rxb7 Ne6 41.b5
Ra5 42.Nc4 Ra8 43.Nxe5+ Kh6 44.Rb6 Re8 45.Nd7 Kg7 46.Rxe6 Rxe6
47.b6 Kf7 48.b7 Re8 49.b8Q Rxb8 50.Nxb8 Ke6 51.Ke3 1-0

[Event "US Open"]
[Site "Vancouver, WA"]
[Date "2012.08.12"]
[Round "9"]
[White "Lessler, Peter  (WA)"]
[Black "Weatherspoon, Kyler  (MN)"]
[Result "1/2-1/2"]
[WhiteElo "2177"]
[BlackElo "2060"]
[PlyCount "91"]

1.Nf3 Nf6 2.c4 g6 3.d4 Bg7 4.Nc3 d5 5.cxd5 Nxd5 6.e4 Nxc3 7.bxc3
c5 8.Rb1 O-O 9.Be2 b6 10.O-O Bb7 11.Qd3 Nd7 12.Bg5 Qc7 13.Rfd1
Rac8 14.Qe3 e5 15.d5 c4 16.Nd2 Ba6 17.Rb4 Rfe8 18.Bxc4 Bb7 19.Bb5
f6 20.Bh4 Red8 21.Bxd7 Qxd7 22.Rc1 Ba6 23.Kh1 g5 24.Bg3 Bf8 25.Rb3
Qa4 26.Rc2 Bd6 27.h4 h6 28.Qf3 Kg7 29.h5 Rc7 30.Bh2 Qe8 31.g4
Qd7 32.Qd1 Qa4 33.Qf3 Qd7 34.Rc1 Rdc8 35.Kg2 Rd8 36.Rc2 Rdc8
37.Nf1 Bxf1+ 38.Kxf1 Rc4 39.Bg1 R8c7 40.Ke1 Qc8 41.Kd2 Ra4 42.Qe2
Rcc4 43.f3 Qa6 44.Ke1 Kf7 45.Be3 Ke7 46.Kd1 1/2-1/2

[Event "US Open"]
[Site "Vancouver, WA"]
[Date "2012.08.12"]
[Round "9"]
[White "May, Andy (WA)"]
[Black "Pechisker, Alfred (CAN)"]
[Result "1-0"]
[WhiteElo "2121"]
[BlackElo "2223"]
[PlyCount "121"]

1.e4 c5 2.Nc3 Nc6 3.f4 g6 4.Nf3 Bg7 5.g3 d6 6.Bg2 Rb8 7.O-O b5
8.d3 b4 9.Ne2 e5 10.c3 Nge7 11.Be3 Ba6 12.Qd2 O-O 13.Nh4 Qd7
14.f5 f6 15.c4 Nd4 16.Bxd4 cxd4 17.a3 b3 18.Rae1 Bb7 19.Nc1 Bc6
20.Kh1 gxf5 21.Bh3 Qe8 22.Nxf5 Nxf5 23.Bxf5 Bd7 24.Ne2 Bxf5 25.Rxf5
Qg6 26.Ref1 Rf7 27.Ng1 Qh6 28.Qe2 Rbf8 29.Nf3 Qh3 30.Ng1 Qh6
31.Nf3 Qh3 32.Nh4 Rb8 33.R5f2 Qd7 34.Nf5 Kh8 35.Rg2 Rg8 36.Qd1
Rb8 37.h3 a5 38.Qd2 a4 39.Kh2 Rg8 40.g4 Bf8 41.Rgf2 Qe8 42.Rf3
Qd8 43.Qf2 Rg5 44.Ng3 Be7 45.Nh5 Rg6 46.Rf5 h6 47.Ng3 Kh7 48.Rh5
Qc8 49.Nf5 Bf8 50.Qd2 Rg5 51.Rg1 Qd7 52.h4 Rg6 53.Qf2 Be7 54.Qf3
Qe6 55.Qh3 Rfg7 56.Nxh6 Rxh6 57.Rxh6+ Kg8 58.Qf3 Rh7 59.Rxh7
Kxh7 60.Qf5+ Qxf5 61.exf5 1-0

[Event "US Open"]
[Site "Vancouver, WA"]
[Date "2012.08.12"]
[Round "9"]
[White "Morris, Brian  (OR)"]
[Black "Lundy, George (ID)"]
[Result "0-1"]
[WhiteElo "1383"]
[BlackElo "1649"]
[PlyCount "92"]

1.Nf3 g6 2.g3 Bg7 3.Bg2 d6 4.O-O Nf6 5.d3 O-O 6.Nbd2 c5 7.e4
Nc6 8.Re1 Nd7 9.c3 Rb8 10.a4 a6 11.h4 b5 12.axb5 axb5 13.Qc2
Bb7 14.c4 b4 15.Nf1 Ra8 16.Be3 Ra5 17.Qd2 Qc7 18.Bh6 Rfa8 19.Rxa5
Rxa5 20.Bxg7 Kxg7 21.b3 Nd8 22.Ne3 e5 23.Nd5 Bxd5 24.exd5 Qa7
25.Qd1 f6 26.Bh3 Nf8 27.Nd2 Ra3 28.h5 Qe7 29.hxg6 hxg6 30.f4
Nf7 31.Kf2 Nh6 32.fxe5 dxe5 33.Nf3 Ra2+ 34.Re2 Rxe2+ 35.Qxe2
Qd6 36.Qa2 f5 37.Qa8 Ng4+ 38.Bxg4 fxg4 39.Qc6 Qd7 40.Nxe5 Qf5+
41.Kg2 Qxe5 42.Qxc5 Qe2+ 43.Kg1 Qd1+ 44.Kg2 Qf3+ 45.Kg1 Qxg3+
46.Kf1 Qxd3+ 0-1

[Event "US Open"]
[Site "Vancouver, WA"]
[Date "2012.08.12"]
[Round "9"]
[White "Norowitz, Yaacov (NJ)"]
[Black "Bryant, John (CA)"]
[Result "0-1"]
[WhiteElo "2569"]
[BlackElo "2455"]
[PlyCount "100"]

1.d4 c5 2.c3 Qc7 3.Nf3 g6 4.dxc5 Qxc5 5.Qd4 Qxd4 6.cxd4 Bg7 7.Nc3
Nf6 8.Bg5 Kd8 9.Rc1 Nc6 10.d5 Nb4 11.d6 e6 12.a3 Nbd5 13.Nxd5
exd5 14.Ne5 Ke8 15.Nd3 b6 16.g3 Ne4 17.Be7 Ba6 18.Nb4 Bc4 19.Bg2
f5 20.Nd3 Kf7 21.O-O Rac8 22.Rfd1 Bb3 23.Re1 a5 24.f4 Ke6 25.Bxe4
fxe4 26.Ne5 d4 27.Kf2 Rc5 28.Rxc5 bxc5 29.Rc1 Rc8 30.e3 d3 31.Ke1
c4 32.Kd2 Rc5 33.Rf1 Rxe5 34.fxe5 Bxe5 35.Kc1 d2+ 36.Kxd2 Bxb2
37.Bd8 c3+ 38.Ke1 c2 39.Kd2 a4 40.Ba5 Bxa3 41.Bc3 Kxd6 42.Ra1
Bc5 43.Bd4 Bb4+ 44.Bc3 Kc5 45.Rf1 a3 46.Bxb4+ Kxb4 47.Kc1 Kc3
48.Rf8 a2 49.Rc8+ Bc4 50.Ra8 d5 0-1

[Event "US Open"]
[Site "Vancouver, WA"]
[Date "2012.08.12"]
[Round "9"]
[White "Otterbach, Renate  (CA)"]
[Black "Gauthier, Avril (OR)"]
[Result "1-0"]
[WhiteElo "761"]
[BlackElo "518"]
[PlyCount "59"]

1.d4 b6 2.Nf3 Bb7 3.e3 Nf6 4.Bd3 c5 5.c3 e6 6.e4 Bxe4 7.Ne5 Bd6
8.Nc4 Bxd3 9.Nxd6+ Ke7 10.dxc5 Bg6 11.Bg5 Kf8 12.Na3 bxc5 13.Nab5
Qb6 14.Qf3 h6 15.Bf4 Nc6 16.a4 a6 17.Nc4 Qb7 18.Ncd6 Qb6 19.Nc4
Qb7 20.Na5 Qc8 21.Nd6 Qc7 22.Nac4 Bh5 23.Qe3 Ng4 24.Qxc5 Kg8
25.Qxh5 Nf6 26.Qf3 g5 27.Be5 Nxe5 28.Qxf6 Nd3+ 29.Kd2 Nc5 30.Qxf7# 1-0